MARC details
| 000 -CABECERA |
| campo de control de longitud fija |
03264cam a2200373 i 4500 |
| 001 - NÚMERO DE CONTROL |
| campo de control |
991106720937306196 |
| 005 - FECHA Y HORA DE LA ÚLTIMA TRANSACCIÓN |
| campo de control |
20250206182850.0 |
| 008 - DATOS DE LONGITUD FIJA--INFORMACIÓN GENERAL |
| campo de control de longitud fija |
180914t20182018nyu g b 001 0 eng c |
| 010 ## - NÚMERO DE CONTROL DE LA BIBLIOTECA DEL CONGRESO |
| Número de control de LC |
2018031828 |
| 020 ## - NÚMERO INTERNACIONAL ESTÁNDAR DEL LIBRO |
| Número Internacional Estándar del Libro |
9780525561804 |
| 020 ## - NÚMERO INTERNACIONAL ESTÁNDAR DEL LIBRO |
| Número Internacional Estándar del Libro |
9781781259191 |
| 035 ## - NÚMERO DE CONTROL DEL SISTEMA |
| Número de control de sistema |
(UTL)12302152-01utoronto_inst |
| 035 ## - NÚMERO DE CONTROL DEL SISTEMA |
| Número de control de sistema |
(SIRSI)12302152 |
| 035 ## - NÚMERO DE CONTROL DEL SISTEMA |
| Número de control de sistema |
(OCoLC)1029226217 |
| Número de control cancelado/no válido |
(OCoLC)1029320769 |
| -- |
(OCoLC)1029444114 |
| -- |
(OCoLC)1056493051 |
| 040 ## - FUENTE DE LA CATALOGACIÓN |
| Centro catalogador/agencia de origen |
PUL |
| Lengua de catalogación |
eng |
| Normas de descripción |
rda |
| Centro/agencia transcriptor |
PUL |
| Centro/agencia modificador |
OCLCF |
| -- |
IAD |
| -- |
WZW |
| -- |
IK2 |
| -- |
ILC |
| -- |
GO4 |
| -- |
QQ3 |
| -- |
DLC |
| -- |
SSH |
| -- |
NDS |
| -- |
TXLBH |
| -- |
OCLCQ |
| -- |
CLMPL |
| -- |
GUL |
| -- |
DF$ |
| -- |
OCL |
| -- |
Y#4 |
| -- |
TXSCH |
| -- |
PNX |
| -- |
OCLCO |
| -- |
CPS |
| -- |
JSZ |
| -- |
MOU |
| -- |
B@L |
| -- |
UZA |
| -- |
TL4 |
| -- |
WKM |
| -- |
AZZPT |
| -- |
OCLCO |
| 041 ## - CÓDIGO DE LENGUA |
| Código de lengua del texto/banda sonora o título independiente |
eng |
| 042 ## - CÃDIGO DE AUTENTICACIÃN |
| Código de autenticación |
pcc |
| 050 00 - SIGNATURA TOPOGRÁFICA DE LA BIBLIOTECA DEL CONGRESO |
| Número de clasificación |
BF637.S4 |
| Número de documento/Ítem |
G7384 2018 |
| 100 ## - ENTRADA PRINCIPAL--NOMBRE DE PERSONA |
| Nombre de persona |
Greene, Robert |
| Término indicativo de función/relación |
author |
| 9 (RLIN) |
21652 |
| 245 14 - MENCIÓN DE TÍTULO |
| Título |
The laws of human nature |
| Mención de responsabilidad, etc. |
/ Robert Greene. |
| 260 ## - PUBLICACIÓN, DISTRIBUCIÓN, ETC. |
| Lugar de publicación, distribución, etc. |
New York : |
| Nombre del editor, distribuidor, etc. |
Viking, |
| Fecha de publicación, distribución, etc. |
[2018]. |
| 300 ## - DESCRIPCIÓN FÍSICA |
| Extensión |
609 pages ; |
| Dimensiones |
25 cm. |
| 504 ## - NOTA DE BIBLIOGRAFÍA, ETC. |
| Nota de bibliografía, etc. |
Includes bibliographical references (pages 589-592) and index. |
| 505 ## - NOTA DE CONTENIDO CON FORMATO |
| Nota de contenido con formato |
Master your emotional self: The law of irrationality — Transform self-love into empathy: The law of narcissism — See through people's masks: The law of role-playing — Determine the strength of people's character: The law of compulsive behavior — Become an elusive object of desire: The law of covetousness — Elevate your perspective: The law of shortsightedness — Soften people's resistance by confirming their self-opinion: The law of defensiveness — Change your circumstances by changing your attitude: The law of self-sabotage — Confront your dark side: The law of repression — Beware the fragile ego: The law of envy — Know your limits: The law of grandiosity — Reconnect to the masculine or feminine within you: The law of gender rigidity — Advance with a sense of purpose: The law of aimlessness — Resist the downward pull of the group: The law of conformity — Make them want to follow you: The law of fickleness — See the hostility behind the friendly faȧde: The law of aggression — Seize the historical moment: The law of generational myopia — Mediate on our common morality: The law of death denial. |
| 520 ## - SUMARIO, ETC. |
| Sumario, etc. |
Robert Greene's bestselling 48 Laws of Power (1988) distilled ancient wisdom and philosophy into essential texts for seekers of power, understanding, and mastery. Now he turns to understanding people's drives and motivations, even when they are unconscious of them themselves. We are social animals. Our very lives depend on our relationships with people. Knowing why people do what they do is the most important tool we can possess. Drawing from the ideas and examples of Pericles, Queen Elizabeth I, Martin Luther King Jr, and many others, Greene teaches us how to detach ourselves from our own emotions and master self-control, how to develop the empathy that leads to insight, how to look behind people's masks, and how to resist conformity to develop your singular sense of purpose. |
| 526 ## - NOTA DE INFORMACIÓN SOBRE EL PROGRAMA DE ESTUDIO |
| Nombre del programa |
B3 Elective: Communicating for influence |
| 590 ## - NOTA LOCAL (RLIN) |
| Nota local |
St. Michael's College copy: smcpop. |
| 650 #0 - PUNTO DE ACCESO ADICIONAL DE MATERIA--TÉRMINO DE MATERIA |
| Término de materia o nombre geográfico como elemento de entrada |
Self-actualization (Psychology) |
| 9 (RLIN) |
7023 |
| 650 #0 - PUNTO DE ACCESO ADICIONAL DE MATERIA--TÉRMINO DE MATERIA |
| Término de materia o nombre geográfico como elemento de entrada |
Self-control |
| 9 (RLIN) |
8866 |
| 650 #0 - PUNTO DE ACCESO ADICIONAL DE MATERIA--TÉRMINO DE MATERIA |
| Término de materia o nombre geográfico como elemento de entrada |
Motivation (Psychology) |
| 9 (RLIN) |
7092 |
| 650 #0 - PUNTO DE ACCESO ADICIONAL DE MATERIA--TÉRMINO DE MATERIA |
| Término de materia o nombre geográfico como elemento de entrada |
Success |
| 9 (RLIN) |
6204 |
| 655 #0 - TÉRMINO DE INDIZACIÓN--GÉNERO/FORMA |
| Datos o término principal de género/forma |
Self-help publications |
| 9 (RLIN) |
23836 |
| 942 ## - ELEMENTOS DE ENTRADA AGREGADA (KOHA) |
| Fuente del sistema de clasificación o colocación |
Clasificación de Library of Congress |